All Countries That End In ND - Statistics

General Stats
  • This quiz has been taken 82 times
  • The average score is 6 of 7
Answer Stats
Country % Correct
Finland
92%
Poland
89%
Ireland
88%
Iceland
85%
Switzerland
82%
Thailand
81%
New Zealand
76%
No matching quizzes found
Score Distribution
Percent of People with Each Score
Percentile by Number Answered
Your Score History
You have not taken this quiz